| 000 | 01264nam0a2200325 4500 | ||
|---|---|---|---|
| 001 | RU\NLR\bibl\1285910 | ||
| 005 | 20260406112138.0 | ||
| 010 |
_a978-5-94774-831-4 _92000 |
||
| 021 |
_aRU _b2008-68977 _93947 |
||
| 035 | _a(NLR Aleph) 001271632 | ||
| 090 |
_a442794 _c442794 |
||
| 100 | _a20131026d2008 |||y0rusy50 ca | ||
| 101 | 0 | _arus | |
| 102 | _aRU | ||
| 105 | _aa ||||||||| | ||
| 200 | 1 |
_aМатематический анализ _eзадачи и решения _fГ.И. Просветов |
|
| 210 |
_aМосква _cБИНОМ. Лаборатория знаний _d2008 |
||
| 215 |
_a207, [1] с. _cил. _d22 |
||
| 225 | 1 | _aМатематика | |
| 313 | _aУч.пособие для ВУЗа | ||
| 320 | _aБиблиогр. в конце кн. | ||
| 606 | 1 |
_aМатематический анализ _jУчебные издания для высших учебных заведений _xЗадачи _xРешение _91535963 _3RU\NLR\auth\66669339 |
|
| 686 | _aВ161я73-41 | ||
| 700 | 1 |
_4070 _7ca _8rus _aПросветов _bГ. И. _gГеоргий Иванович _9109874 _3RU\NLR\AUTH\77126950 |
|
| 801 | 0 |
_aRU _bNLR _c20081020 _gRCR |
|
| 801 | 1 |
_aRU _bNLR _c20081020 |
|
| 830 | _aпо кн. | ||
| 942 | _cBOOK | ||
| 980 | _aNB | ||